Me gustan mucho los mimos

保存先:
書誌詳細
第一著者: Cheneau, Veronique (著者)
フォーマット: 図書
言語:スペイン語
出版事項: Buenos Aires Sigmar 1990
シリーズ:Colección los días de Nicolás
主題:
タグ: タグ追加
タグなし, このレコードへの初めてのタグを付けませんか!

MARC

LEADER 00000nam a2200000 a 4500
001 UCW5547
003 CL-VaPUC
008 910604e19900000AG |||||||||||||||||spa|d
082 0 4 |a 843  |b CHE  |2 21 
100 0 |a Cheneau, Veronique  |e author  |9 310559 
245 1 0 |a Me gustan mucho los mimos 
300 |a 16 p 
942 |c BK 
945 |d 19910604 00:00:00 
260 |a Buenos Aires  |b Sigmar  |c 1990 
650 0 |a Cuentos infantiles  |9 308044 
650 0 |a Literatura infantil   |9 307465 
583 |a last modification  |c 19910604 00:00:00  |k Rodrigo Vera 
490 0 |a Colección los días de Nicolás 
999 |c 218951  |d 218949 
952 |0 0  |1 0  |4 0  |6 843_000000000000000_CHE_1990  |7 0  |8 A  |9 209332  |a BIBEDU  |b BIBEDU  |d 2019-11-15  |i 2771608  |o 843 CHE 1990  |p 2771608  |r 2019-11-15  |w 2019-11-15  |y BK  |k EDU